| 000 | 00730 a2200205 4500 | ||
|---|---|---|---|
| 999 |
_c10735 _d10735 |
||
| 020 | _a978779216861 | ||
| 050 |
_aHC910 _bEFF 2021 |
||
| 100 |
_aClainos Chidoko _eeditor |
||
| 245 |
_aThe (IN)Efficacy of economic policy and development in Zimbabwe : _bthe past, present and trends / _cedited by Clainos Chidoko and James Zivanomoyo. |
||
| 264 |
_aGweru, Zimbabwe : _bDream Discoveries Publishers, _c2021. |
||
| 300 | _axxi, 375 pages; | ||
| 336 |
_2rda _atext |
||
| 337 |
_2rda _aunmediated |
||
| 338 |
_2rda _avolume |
||
| 504 | _aIncludes bibliographical references (pages 370-375). | ||
| 650 |
_aZimbabwe _xEconomic History. |
||
| 651 | _aZimbabwe | ||
| 700 |
_aChidoko, Clainos. _eeditor. |
||
| 942 |
_2lcc _cBK _h910 _iEFF _kHC |
||